সূর্য-দীঘল বাড়ী / (Record no. 40895)
[ view plain ]
| 000 -LEADER | |
|---|---|
| fixed length control field | 00999nam a2200241 a 4500 |
| 001 - CONTROL NUMBER | |
| control field | 40895 |
| 003 - CONTROL NUMBER IDENTIFIER | |
| rucl marc code | BD-RjUL |
| 005 - DATE AND TIME OF LATEST TRANSACTION | |
| control field | 20211209053307.0 |
| 008 - FIXED-LENGTH DATA ELEMENTS--GENERAL INFORMATION | |
| fixed length control field | 160511s19821955bg ||||| |||| 00| 0 ben d |
| 020 ## - INTERNATIONAL STANDARD BOOK NUMBER | |
| Terms of availability | : PRs 25.00 |
| 035 ## - SYSTEM CONTROL NUMBER | |
| System control number | (BD-RjUL)41011 |
| 040 ## - CATALOGING SOURCE | |
| Original cataloging agency | BD-RjUL |
| Language of cataloging | ben |
| Transcribing agency | BD-RjUL |
| 041 ## - LANGUAGE CODE | |
| Language code of text/sound track or separate title | ben |
| 082 ## - DEWEY DECIMAL CLASSIFICATION NUMBER | |
| Edition number | 23 |
| Classification number | 891.443 |
| Author mark and year | ISS 1982 |
| 100 ## - MAIN ENTRY--PERSONAL NAME | |
| Personal name | ইসহাক, আবু |
| 9 (RLIN) | 125879 |
| 245 10 - TITLE STATEMENT | |
| Title | সূর্য-দীঘল বাড়ী / |
| Statement of responsibility, etc. | আবু ইসহাক |
| 260 ## - PUBLICATION, DISTRIBUTION, ETC. (IMPRINT) | |
| Place of publication, distribution, etc. | ঢাকা : |
| Name of publisher, distributor, etc. | নওরোজ কিতাবস্থান, |
| Date of publication, distribution, etc. | ১৯৫৫ [মুদ্রণ ১৯৮২] |
| 300 ## - PHYSICAL DESCRIPTION | |
| Pagination | [৮], ১৭০ পৃ. ; |
| Size | ২১ সেমি. |
| 500 ## - GENERAL NOTE | |
| General note | বাংলা একাডেমী সাহিত্য পুরস্কার, ১৯৬২-৬৩ সুন্দরবন সাহিত্য পদক, ১৯৮১ |
| 650 ## - SUBJECT ADDED ENTRY--TOPICAL TERM | |
| Topical term or geographic name as entry element | বাংলা উপন্যাস |
| 9 (RLIN) | 125880 |
| Topical term or geographic name as entry element | Bengali Fiction |
| 9 (RLIN) | 125881 |
| 942 ## - ADDED ENTRY ELEMENTS (KOHA) | |
| Source of classification or shelving scheme | Dewey Decimal Classification |
| Koha item type | Books |
| Lost status | Source of classification or shelving scheme | Damaged status | Not for loan | Collection code | Permanent Location | Current Location | Shelving location | Date acquired | Source of acquisition | Cost, normal purchase price | Total Checkouts | Full call number | Date last seen | Date checked out | Copy number | Koha item type |
|---|---|---|---|---|---|---|---|---|---|---|---|---|---|---|---|---|
| Dewey Decimal Classification | Fiction | Central Library, University of Rajshahi | Central Library, University of Rajshahi | 08/08/1983 | Aligorh Library, Rajshahi | 25.00 | 1 | B 891.443 ISS 1982 | 30/06/2019 | 02/05/2019 | C-2 | Books | ||||
| Dewey Decimal Classification | Fiction | Central Library, University of Rajshahi | Central Library, University of Rajshahi | 08/08/1983 | Aligorh Library, Rajshahi | 25.00 | 2 | B 891.443 ISS 1982 | 03/03/2025 | 27/02/2025 | C-3 | Books |